[Event "Dortmund SuperGM 31st"]
[Site "Dortmund"]
[Date "2003.07.31"]
[Round "1"]
[White "Anand, Viswanathan"]
[Black "Leko, Peter"]
[Result "1/2-1/2"]
[WhiteElo "2774"]
[BlackElo "2739"]
[Annotator "Rogozenco,D"]
[PlyCount "114"]
[EventDate "2003.07.31"]
[EventType "tourn"]
[EventRounds "10"]
[EventCountry "GER"]
[EventCategory "18"]
[SourceTitle "CBM 097"]
[Source "ChessBase"]
[SourceDate "2003.11.11"]
[SourceVersion "1"]
[SourceVersionDate "2003.11.11"]
[SourceQuality "1"]

1. e4 c5 2. Nf3 Nc6 3. d4 cxd4 4. Nxd4 Nf6 5. Nc3 e5 6. Ndb5 d6 7. Bg5 a6 8.
Na3 b5 9. Bxf6 gxf6 10. Nd5 f5 11. c3 Bg7 12. exf5 Bxf5 13. Nc2 O-O 14. Nce3
Be6 15. Bd3 f5 16. O-O Ra7 17. Qh5 {Few days later Anand played differently
against Kramnik, but only to repeat a well-known variation and agree to a
quick draw. Sveshnikov Sicilian is a tough nut to crack...} (17. a4 Ne7 18.
Nxe7+ Rxe7 19. axb5 axb5 20. Bc2 d5 21. Bb3 f4 22. Nxd5 Rd7 23. Nb4 Rxd1 24.
Bxe6+ Kh8 25. Raxd1 {1/2-1/2 Anand,V-Kramnik,V/Dortmund 2003. It might appear
that players consumed a lot of energy and agreed to a draw due to lack of time.
In fact things are simpler. They repeated the variation from the game
Topalov-Leko, Istanbul Olympiad 2000, which reached the same position and
continued until move ...87. Topalov was trying to win, but in vain. However,
in Anand's situation it must be said that fighting for another 50 moves,
trying to convert a very slight advantage isn't exactly someone's wish after
two loses in a row in previous rounds of Dortmund. Possibly this is the reason
of choosing the variation.}) 17... Raf7 18. Rad1 {In this particular position
White normally plays 18.Bc2. But it makes no difference, since soon they reach
same positions.} (18. Bc2 Ne7 19. Nxe7+ Qxe7 20. Rad1 {is the position from
the game after 20.Bc2.}) 18... Ne7 19. Nxe7+ Qxe7 20. Bc2 e4 $146 {A novelty,
the usual move is first 20...Kh8. However, all these positions are very
similar and equal.} (20... Kh8 21. Rfe1 Rf6 22. Nd5 Bxd5 23. Rxd5 Rh6 24. Qf3
Qe6 {1/2-1/2 Delchev,A-Lalic,B/Zadar 1997.}) (20... Rf6 21. Nd5 Bxd5 22. Rxd5
Rh6 23. Qf3 e4 24. Qe3 Qh4 25. Qg3 Qxg3 26. hxg3 Be5 27. Rfd1 Rb8 28. R1d2 {
1/2-1/2 Coleman,P-Gullaksen,E/North Sea tt 1st Br04 corr 1998}) 21. Nd5 Bxd5
22. Rxd5 Kh8 23. f4 (23. a3 Be5 24. f4 exf3 25. Rxf3 (25. Qxf3 Qg5 $11) 25...
Rg7 $1 26. Rxf5 (26. Bxf5 $2 Rg5 27. Qh3 Rgxf5 28. Rxf5 Bd4+ {[%cal Ge7e1]} 29.
Kf1 Re8 $19) 26... Rxf5 27. Qxf5 Qh4 28. Rxe5 dxe5 29. Qxe5 Qe7 $11) 23... b4
24. cxb4 Bxb2 25. Bb3 Ba3 {The position is absolutely equal. Anand tried to
prove that pawn f5 is a weakness, but it's too late here to fight for real
advantage.} 26. Qd1 Qa7+ 27. Qd4+ Qxd4+ 28. Rxd4 Re7 29. Kf2 (29. Rxd6 e3 $132
(29... a5 $11)) 29... a5 (29... Rf6 $5) 30. Rxd6 (30. bxa5 $2 Bc5 $17) 30...
Bxb4 31. Rd5 Kg7 32. Ke2 Rf6 33. Rc1 Rg6 (33... h5 $5 {[%cal Gh5h4]} 34. h4 Kh7
{[%cal Ge7g7]}) 34. g3 Rh6 35. h4 Rg6 36. Rxf5 {Now pawn e4 will be lost
sooner or later, but in the game with little material left Black achieved a
draw without major efforts. Still it is quite impressive that White could
achieve this and in fact force Black to play precisely later on.} Rxg3 37. Rg5+
Rxg5 38. hxg5 h6 (38... e3 $2 39. f5 {[%csl Rg7][%cal Gc1c8]}) 39. gxh6+ Kxh6
40. Rc6+ Kh7 41. Ke3 Rg7 (41... Kg7 42. f5 $36) 42. Be6 Rg3+ 43. Kxe4 Rc3 44.
Bc4 Rh3 45. Ra6 $6 (45. f5 {Unclear why Anand didn't play this natural advance.
The only chance for White to set problems was to advance the f-pawn.}) 45...
Rh6 46. Be6 Rh4 47. Ra7+ Kg6 48. Bf7+ Kf6 {No more problems for Black with the
king on f6.} 49. Bb3 Bd6 50. Rf7+ Kg6 51. Rf5 Rh1 52. Rd5 Re1+ 53. Kf3 Bb4 54.
Bc4 Kf6 55. Rb5 Rd1 56. Rb6+ Rd6 57. Rb7 Rd4 1/2-1/2

[Event "EU-chT (Men) 15th"]
[Site "Gothenburg"]
[Date "2005.08.03"]
[Round "5.3"]
[White "Mikhalchishin, Adrian"]
[Black "Spasov, Vasil"]
[Result "1/2-1/2"]
[WhiteElo "2526"]
[BlackElo "2551"]
[Annotator "Rogozenco,D"]
[PlyCount "48"]
[EventDate "2005.07.30"]
[EventType "team-swiss"]
[EventRounds "9"]
[EventCountry "SWE"]
[SourceTitle "CBM 109"]
[Source "ChessBase"]
[SourceDate "2005.11.14"]
[SourceVersion "1"]
[SourceVersionDate "2005.11.14"]
[SourceQuality "1"]
[WhiteTeam "Slovenia"]
[BlackTeam "Bulgaria"]
[WhiteTeamCountry "SLO"]
[BlackTeamCountry "BUL"]

1. e4 c5 2. Nf3 Nc6 3. d4 cxd4 4. Nxd4 Nf6 5. Nc3 e5 6. Ndb5 d6 7. Bg5 a6 8.
Na3 b5 9. Nd5 Be7 10. Nxe7 Nxe7 11. Bd3 Bb7 12. Qe2 Nd7 13. b4 {An old
variation. In the present game Mikhaltchishin has an improvement in mind,
recommended long ago by A.Nikitin.} (13. c4 b4 14. Nc2 a5 $11) (13. c3 Nc5 14.
Bc2 h6 15. Bh4 Qd7 16. Rd1 O-O 17. O-O Ng6 18. Bg3 Rad8 $11 {0-1 Diamantakis,
I-Spasov,V (2570)/Kavala 1996 (67)}) 13... O-O ({After} 13... f6 14. Bd2 O-O (
14... f5 15. c4 O-O {leads to the same position from the main game} ({also
possible is} 15... fxe4 16. Bxe4 Bxe4 17. Qxe4 O-O $11)) 15. O-O f5 {
independent role has only the following variation:} 16. f3 ({In case of} 16.
exf5 {both} d5 {and 16...Nxf5 lead to comfortable play for Black}) 16... Nc6 (
16... d5 17. exd5 Nxd5 18. c4 $36 {1-0 Misailovic,N (2335)-Miljkovic,M (2414)/
Budva 2003 (43)}) 17. c4 Nd4 18. Qe3 fxe4 19. fxe4 Rxf1+ 20. Rxf1 Qb6 21. Kh1
Bc6 22. Bc3 Ne6 23. Bd2 Qxe3 24. Bxe3 Nf6 25. cxb5 axb5 26. Nxb5 Bxe4 27. Rxf6
Bxd3 28. Rxe6 Bxb5 29. Rxd6 Ra3 30. Bc5 Rxa2 31. Kg1 Kf7 {1/2-1/2 Rosch,H 
(2276)-Rawlings,A (2072)/IECG email 1998}) 14. c4 f6 15. Bd2 f5 (15... bxc4 $2
16. Nxc4 Nb6 17. Na5 Bc8 18. O-O $16 {0-1 Womacka,M (2469)-Hossain,E (2353)/
Hamburg 2001 (42)}) 16. cxb5 (16. f3 $6 fxe4 17. fxe4 (17. Bxe4 d5 (17... Bxe4
18. Qxe4 bxc4 19. Qxc4+ d5 $17) 18. cxd5 Nxd5 19. O-O N7f6 20. Bc2 Nxb4 $1 $17
{0-1 Lawson,A-Adriano,M/Corr 1994 (23)}) 17... Nc6 18. Nc2 Nd4 19. Nxd4 exd4
20. cxb5 Ne5 21. bxa6 Nxd3+ 22. Qxd3 Bxe4 23. Qe2 d3 24. Qe3 Qf6 25. Rc1 Bxg2
26. Bc3 {0-1 Zezulkin,J (2360)-Ambarcumjan,A (2355)/Podolsk 1990}) (16. O-O
fxe4 17. Bxe4 Bxe4 18. Qxe4 bxc4 19. Qxc4+ d5 {Thanks to his pawn center and
the position of White`s knight on a3 Black has a very comfortable play:} 20.
Qb3 (20. Qe2 Qb6 21. Rab1 Rf7 22. b5 axb5 23. Nxb5 Rxa2 24. Nc3 Qa6 $1 $17 {
0-1 Skrodelis,U (2345)-Mokrys,C (2420)/ICCF corr 1996 (36)}) 20... Nf6 21. Bc3
Qd6 22. Rae1 Ng6 23. Nc2 Kh8 $15 {1/2-1/2 Oe,O (2365)-Kilpi,T (2405)/Sweden
1996 (50)}) 16... fxe4 17. Bxe4 d5 ({Black could also play} 17... Bxe4 18. Qxe4
{when we reach by transposition the game Alekseev-Avrukh, Biel 2004, which
continued:} axb5 19. Nxb5 Qb6 20. Qe2 Rfb8 21. Nc3 (21. a4 $2 {runs into} Qxb5
$19) 21... Qxb4 22. O-O Nc5 23. Rab1 (23. Rfd1 Nf5 24. Rab1 Qd4 $5 25. Be1 Qf4
$11) (23. Nd5 Qb7 24. Nxe7+ Qxe7 25. Be3 Ra4 $5 $11 {[%cal Gb8a8]}) 23... Qd4
24. Rfd1 Rxb1 25. Rxb1 Nd5 26. Nb5 {and the draw was agreed.}) 18. Bc2 Nf5 (
18... e4 $5 19. bxa6 Rxa6 $1 20. Nb5 Rg6 21. O-O Ne5 {Black has a powerful
attack for the pawn} 22. Bc3 (22. Kh1 Nf5 23. a4 Qh4 24. Ra3 d4 25. Rh3 d3 $1
$19) (22. Nd4 Nf3+ $19) 22... Nf3+ 23. Kh1 Rxg2 $1 24. Kxg2 Ng6 25. Rg1 (25.
Kh1 Qh4 $19) 25... Qh4 $19 {0-1 Hesse-Manso Gil,A/ICCF corr 1995 (28)}) 19.
Bxf5 $146 {This move was recommended by A. Nikitin about 10 years ago, as an
improvement for White over the existing theory. The former coach of G.
Kasparov considered White`s prospects to be slightly preferable. On the other
hand it looks like Black has little to complain about - he has the pawn center
and active play, while opponent`s knight is still on a3. All this should
secure enough counterchances for the second player.} (19. O-O Nd4 20. Qd3 Nxc2
21. Nxc2 (21. Qxc2 Qb6 22. bxa6 Bxa6 23. b5 {1/2-1/2 Van der Hoeven,J (2225)
-Anderson,A/ICCF Email 2001. The position is about equal after either 23...
Bxb5, or 23...Bb7.}) 21... axb5 22. Qxb5 Nb6 $44 {0-1 Yemelin,V (2500)
-Krasenkow,M (2590)/Elista 1995 (52)}) 19... Rxf5 20. O-O d4 {An
understandable decision to open the long diagonal for the bishop. Its drawback
is that it gives up square c4 and white knight comes into play.} (20... Qb6 $5)
21. Nc4 (21. f3 Qb6 22. Nc4 (22. Kh1 axb5 23. Qxb5 Rxa3 24. Qxd7 Raxf3 $1 25.
gxf3 $140 $2 Rxf3 $19 26. Rxf3 Bxf3+ 27. Kg1 Qg6+) (22. bxa6 d3+ 23. Qe3 Qxa6 {
[%csl Ra3]} 24. Nb1 e4 $44) 22... Qxb5 (22... Qg6 $5 23. Na5 Bd5 $44) 23. a4
Qd5 24. Na5 Re8 $5 25. Nxb7 Qxb7 $13 {with a complicated, double-edged play}) (
21. bxa6 Rxa6 $44 {[%cal Ga6g6]}) 21... Bd5 (21... axb5 $2 22. Nd6 $18) 22. Nd6
(22. bxa6 Rxa6 23. f3 Qa8 $44 (23... Rg6 $5 $40)) 22... Rf8 23. bxa6 Qb6 24.
Ne4 Qxa6 (24... Qxa6 25. Rfe1 (25. b5 Qg6 $5 (25... Qa4 $44) 26. f3 Ra3 $36)
25... Qxe2 26. Rxe2 Rxa2 $11) 1/2-1/2

[Event "Julian Borowski-A 3rd"]
[Site "Essen"]
[Date "2001.05.10"]
[Round "8"]
[White "Lutz, Christopher"]
[Black "Nijboer, Friso"]
[Result "1-0"]
[WhiteElo "2614"]
[BlackElo "2580"]
[Annotator "Rogozenco,D"]
[PlyCount "81"]
[EventDate "2001.05.02"]
[EventType "tourn"]
[EventRounds "9"]
[EventCountry "GER"]
[EventCategory "15"]
[SourceTitle "CBM 083"]
[Source "ChessBase"]
[SourceDate "2001.07.05"]
[SourceVersion "1"]
[SourceVersionDate "2001.07.05"]
[SourceQuality "1"]

1. e4 c5 2. Nf3 Nc6 3. d4 cxd4 4. Nxd4 Nf6 5. Nc3 e5 6. Ndb5 d6 7. Bg5 a6 8.
Na3 b5 9. Bxf6 gxf6 10. Nd5 f5 11. Bd3 Be6 12. O-O Bxd5 13. exd5 Ne7 14. c3 {
[%mdl 4] In this position White's main plan is first to arrange well his
pieces (usually Qh5, Rad1 or Rae1, Bb1, Nc2-e3) and then to attack Black's
central pawns. It is a long, but powerful plan.  It is not easy for Black to
create counterplay.He usually plays e4, then places the Queen on c5 and while
keeping an eye to the pawn d5 tries to create counterplay on the queenside by
playing b5-b4. I myself prefered to play with Black first Qd7 and keep the
g-file open for a while (thus with the king on e8 and bishop on f8), trying to
organize attack against white king. Nijboer prefers another plan, which he
played before as well.} Bg7 15. Qh5 Qd7 16. Rad1 Rc8 {The rook goes to c5.} 17.
Nc2 O-O 18. f3 (18. g3 e4 19. Be2 f4 20. f3 $1 {is another serious attempt to
meet Black's plan. 1-0 Palac,M-Verdier,P/Montpellier 1998 (33)} ({weaker is} 
20. gxf4 f5 $44 {0-1 Kotronias,V-Nijboer,F/Wijk aan Zee 1995 (73)})) ({similar
to the game is} 18. f4 e4 19. Be2 Rc5 20. Ne3 Qa7 {but notice the difference -
black pawn is on h7, while in the game it is on h6. See below about this
subtlety.}) 18... h6 {Just removing the pawn from h7, where it was hanging and
Black could not advance his f-pawn. Now he wants f5-f4 and then f7-f5.} 19. f4
(19. Kh1 f4 20. g3 fxg3 21. Rg1 gxh2 22. Qxh2 f5 23. Qxh6 Rf7 24. Ne3 f4 25.
Rg5 Kf8 26. Rxg7 Rxg7 27. Rg1 Ng8 28. Rxg7 Qxg7 29. Qxd6+ Qe7 30. Qxa6 Rb8 31.
Nf5 Qc5 32. Kg2 $14 {0-1 Franzen,J-Hamarat,T/W-ch14 corr9499 (57)}) 19... e4
20. Be2 Rc5 21. Ne3 Qa7 22. Kh1 Rxc3 {All this is well-known (with the black
pawn on h7, which at the first sight doesn't seem to make such a big
difference anyway). The line was considered to be fine for Black.} 23. Nxf5 {
The new idea. White does not take the exchange and goes for the position with
opposite colours bishops, trying to organise an attack against black king. In
that case the pawn on h6 helps White a lot and here is the big difference
about all this (it turns out that pawn on h7 is better placed than on h6), see
White's 27 move.} (23. bxc3 Qxe3 24. c4 b4 {Black has good compensation for
the pawn, which was proved in the game Hansen,S-Schandorff,L/Copenhagen 1996 
(I repeat, Black's pawn was on h7 instead of h6).}) 23... Nxf5 24. Qxf5 Re3 25.
Qh5 Qe7 (25... Bxb2 {In such positions (opposite coloured bishops) the
initiative is often more important than material.} 26. f5 (26. Qxh6 $4 Rxe2) (
26. Bg4 $5) 26... Kg7 (26... Qe7 $2 27. Qxh6 $1 Rxe2 28. f6 Bxf6 29. Rxf6 $18)
27. Qg4+ (27. f6+ $5) (27. Rf4 $5) 27... Kh7 28. f6 Rg8 29. Qf5+ Kh8 {looks
dangerous for Black, but not easy for White to attack. For instance the
following variation leads only to draw:} 30. Rf4 Rxe2 31. Qh5 Rgxg2 32. Qxh6+
Kg8 33. Rh4 Rxh2+ 34. Rxh2 Rxh2+ 35. Qxh2 Bxf6 36. Rg1+ Bg7 37. Qxd6 Qf2 $11)
26. Rd2 (26. f5 $2 Qg5 $15) 26... Rc8 27. g4 $1 $36 {Quite an unpleasant
position to play with Black. There is no counterplay, while White has much
easier ways to develop the initiative.} b4 (27... Rc7 28. g5 hxg5 29. fxg5 Qe5
{but still unclear what next to play with Black.}) 28. g5 hxg5 $8 29. fxg5 b3 {
Looks like Black is just in time and succeeded to create some threats, but...}
30. axb3 Rxb3 (30... Rb8 31. Bg4 $1) 31. Bg4 $1 e3 (31... Rc7 32. g6 {makes no
difference. White is winning.}) 32. g6 $3 $18 {A very good example about
attacking with the opposite-coloured bishops. Black is hopeless.} Qe4+ (32...
f6 33. Be6+ Kf8 34. Qh7 Ke8 35. Re2 $18) 33. Rg2 fxg6 34. Qh3 $1 Re8 35. Be6+
Rxe6 36. Qxe6+ (36. dxe6 $4 e2 $19) 36... Qxe6 37. dxe6 {All this was forced
and the endgame is easy winning for White - the passed pawn on e6 decides the
game.} Rb5 (37... Rb7 38. Rxg6 (38. Re1 Bh6 39. Rd1 $18) 38... d5 39. Rg3 d4
40. Rf4 $18) 38. Rxg6 Kh7 39. Rfg1 Bh6 40. Rf6 Re5 41. Rf7+ {A good
achievement by Lutz, who played a very strong game.} (41. Rf7+ Kh8 42. e7 e2
43. Rf8+ Kh7 44. e8=Q $18) 1-0

[Event "UKR-ch"]
[Site "Ordzhonikidze"]
[Date "2001.09.15"]
[Round "8"]
[White "Efimenko, Zahar"]
[Black "Eljanov, Pavel"]
[Result "0-1"]
[WhiteElo "2495"]
[BlackElo "2522"]
[Annotator "Rogozenco,D"]
[PlyCount "112"]
[EventDate "2001.09.08"]
[EventType "swiss"]
[EventRounds "9"]
[EventCountry "UKR"]
[SourceTitle "CBM 086"]
[Source "ChessBase"]
[SourceDate "2002.02.05"]
[SourceVersion "1"]
[SourceVersionDate "2002.02.05"]
[SourceQuality "1"]

1. e4 c5 2. Nf3 Nc6 3. d4 cxd4 4. Nxd4 Nf6 5. Nc3 e5 6. Ndb5 d6 7. Bg5 a6 8.
Na3 b5 9. Bxf6 gxf6 10. Nd5 f5 11. c3 Bg7 12. exf5 Bxf5 13. Nc2 O-O 14. Nce3
Be6 15. Bd3 f5 16. O-O Kh8 {The alternatives look also okay for Black.} (16...
e4) (16... Ra7) (16... Ne7 {Only this is well-known mistake in view of:} 17.
Nxe7+ Qxe7 18. Nxf5 Bxf5 19. Bxf5 Rxf5 20. Qd5+ {[%csl Ra8,Rg8]}) 17. f4 (17.
Qh5 Bf7 18. Qh3 e4 19. Bc2 Ne5 20. f3 exf3 21. gxf3 Bxd5 22. Nxd5 Qg5+ 23. Kh1
Qd2 {and Black was fine in Polgar,J-Illescas Cordoba,M/Dos Hermanas 1999 
(61moves, 0-1)}) (17. Bc2 Ra7 {Looks similar to 16. ... Ra7, with some
considerable differences though, which can be underlined if White plays 17.a4.}
(17... a5 $5) (17... Ne7 $5) 18. f4 (18. a4 $5 {If comparing this position to
the one after 16. ... Ra7 17.a4, then here black king is on h8 and white
bishop on c2. It may seem that now the advance a2-a4 (best after 16. ... Ra7)
is less dangerous because the bishop left the diagonal a6-f1 and does not
attack the pawn b5 any longer. But on the other hand the move 18. ... Ne7 
(best with the bishop on d3) makes little sense - the white queen protects the
knight on d5. So the advance 18.a4 is also here a critical continuation.} bxa4
(18... f4 19. Qh5 $1 Bg8 20. Nf5 Bxd5 21. Ne7 $1 $16 {/+-.}) (18... Ne7 19.
axb5 Nxd5 20. Nxd5) 19. Rxa4 a5 $14) 18... e4 19. Kh1 b4 20. Rc1 bxc3 21. bxc3
Qa5 22. g4 fxg4 (22... Bxd5 $5) 23. Bxe4 Ne7 24. f5 Bxd5 $11 {1-0 Bojkovic,
N-Radovanovic,D/Kragujevac YUG 2000/ (38)}) 17... Ne7 $1 18. Bc2 Nxd5 $146 (
18... Ng6 $2 19. fxe5 Qg5 20. Rf3 Rf7 21. Rg3 Qd8 22. Qh5 Nxe5 23. Nf4 Qd7 24.
Nxe6 Qxe6 25. Nxf5 $18 {1-0 David,A-Abou el Zein,E/Pardubice 1999 (35)}) 19.
Nxd5 a5 $11 20. Kh1 Rc8 {A typical maneuver - the rook goes to c5 to attack
knight d5 once more.} 21. a3 Rc5 22. Ne3 (22. Bb3 $5) 22... e4 23. Bb3 d5 $11
24. Nc2 (24. Qd2 Qd6 25. Rad1 Rd8 26. Nc2 $11) 24... Qe7 25. Qd2 Rb8 26. Rfd1 (
26. Nd4 $142 $11) 26... Qf6 27. Qe3 Rbc8 28. Nd4 Bf7 29. Ba2 b4 $1 30. axb4
axb4 31. Ne2 (31. cxb4 R5c7 $44 {With more than enough compensation for the
pawn.} (31... Rc4 {does not work:} 32. Bxc4 Rxc4 33. Ra8+ Bg8 34. Ne2 d4 35.
Nxd4 Rxd4 36. Rxd4 Qxd4 37. Qb3 $18)) 31... bxc3 32. bxc3 Qc6 $17 {Now Black
is clear better - his pawn on d5 is well protected, while White has problems
with the weakness on c3.} 33. Qh3 Bg6 34. Nd4 Qd7 35. Rac1 Qa7 36. Bb1 Qb8 {
Very difficult, if possible at all for White to hold the position.} 37. Ne2 (
37. Nxf5 Rxc3 38. Rxc3 Rxc3 39. Ng3 Qc7 $1 (39... Qxf4 $2 40. Ne2 Rxh3 41. Nxf4
{with good chances to escape.}) 40. Qg4 (40. f5 Rc1 41. Qg4 Qc8 $17) 40... Rc1
$17 {/-+.}) 37... Qb2 ({even stronger is} 37... Qb5 38. Qe3 (38. Nd4 Bxd4 39.
Rxd4 Rxc3 $19) (38. Re1 d4 $19) 38... Bh5 39. Re1 Bxe2 40. Qxe2 Qxe2 41. Rxe2
d4 $19) 38. Rc2 Qb3 39. Rcd2 Ra5 40. Nd4 (40. Qh4 Ra1 41. Qe1 e3 42. Rd3 Rb8
$19) (40. Bc2 Qc4 41. Bb1 Ra1 $19) 40... Bxd4 41. Rxd4 Qxc3 42. Qxc3 Rxc3 $19 {
White cannot blockade black pawns for too long because of the very bad bishop
on b1. Black will attack the bishop, forcing whit rook from d4 to retreat.} 43.
h3 Bh5 44. Rg1 (44. Rxd5 Rxd5 45. Rxd5 Rc1+ 46. Kh2 Rxb1 $19) 44... Be2 45. Kh2
h5 46. Rb4 Rb5 47. Ra4 Bc4 48. Ba2 Bxa2 49. Rxa2 d4 50. Ra8+ Kg7 51. Rga1 Rc7
52. g4 d3 53. Rd8 h4 54. gxf5 Rb2+ 55. Kg1 d2 56. Rd1 e3 0-1

[Event "Rubinstein Memorial 37th"]
[Site "Polanica Zdroj"]
[Date "2000.08.20"]
[Round "4"]
[White "Svidler, Peter"]
[Black "Ivanchuk, Vassily"]
[Result "1/2-1/2"]
[WhiteElo "2689"]
[BlackElo "2719"]
[Annotator "Rogozenco,D"]
[PlyCount "44"]
[EventDate "2000.08.17"]
[EventType "tourn"]
[EventRounds "9"]
[EventCountry "POL"]
[EventCategory "17"]
[SourceTitle "CBM 079"]
[Source "ChessBase"]
[SourceDate "2000.11.21"]
[SourceVersion "1"]
[SourceVersionDate "2000.11.21"]
[SourceQuality "1"]

1. e4 c5 2. Nf3 Nc6 3. Nc3 Nf6 4. d4 cxd4 5. Nxd4 e5 6. Ndb5 d6 7. Bg5 a6 8.
Na3 b5 9. Nd5 Be7 10. Bxf6 Bxf6 11. c3 O-O 12. Nc2 Bg5 13. a4 bxa4 14. Rxa4 a5
15. Bb5 Ne7 16. Ncb4 Bd7 {Better than the usual 16. ... Be6. Apparently this
move (16. ... Bd7) is enough for Black to hold equal position.} (16... Be6 17.
Nxe7+ Qxe7 18. Bc6 Ra7 19. Nd5 Bxd5 20. Bxd5 Rb8 21. Qa1 $1 {[%cal Rb2b4]
Black is in seriuos trouble here. In fact White wins a pawn after the
inevitable b2-b4. 1-0 Calzetta,M-Holmsten,A/Linares 2000/ (35).} (21. Qc2 Qd7
22. O-O Bd8 23. b3 Bb6 $14 {Tiviakov-Iskusnikh/St.Petersburg 1998})) 17. Nxe7+
Bxe7 18. Bxd7 (18. Nc6 {Slightly better than the game, but should lead to
equal positions as well.} Qe8 $1 (18... Bxc6 19. Bxc6 Rb8 20. Ra2 Qb6 21. Bd5
g6 (21... Qc5 22. O-O Bd8) 22. h4 Kg7 23. h5 f5 24. Qd2 g5 25. g3 Kh6 26. exf5
Rxf5 27. O-O $14 {1-0 Motylev,A-Agamaliev,G/Bydgoszcz 1999 (42)}) 19. Qd5 (19.
Nxe7+ Qxe7 20. Bxd7 Qxd7 21. O-O {1/2-1/2 Tiviakov,S-Cifuentes Parada,R/Essent
2000}) 19... Be6 20. Qd3 Bd7 21. Rc4 (21. Nxe7+ Qxe7 $11) 21... Rc8 $11) 18...
axb4 $1 (18... Qxd7 $2 19. Nd5 $16) 19. Bc6 Rxa4 20. Qxa4 bxc3 21. bxc3 $11 Qb8
22. O-O Bd8 1/2-1/2